UBT Library

Soziologie für Wirtschaftswissenschaftler / (Record no. 214)

000 -LEADER
fixed length control field 00664nam a22002297a 4500
008 - FIXED-LENGTH DATA ELEMENTS--GENERAL INFORMATION
fixed length control field 131030b xxu||||| |||| 00| 0 ger d
020 ## - INTERNATIONAL STANDARD BOOK NUMBER
International Standard Book Number 385114810X
041 0# - LANGUAGE CODE
Language code of text/sound track or separate title ger
080 ## - UNIVERSAL DECIMAL CLASSIFICATION NUMBER
Universal Decimal Classification number 316.334.2
Common auxiliary subdivision (035)
100 1# - Rafti
Rafti Schülein, Johann August
245 10 - TITLE STATEMENT
Title Soziologie für Wirtschaftswissenschaftler /
Statement of responsibility, etc Johann August Schülein
250 ## -
-- 2. Auflage
260 ## -
-- Wien :
-- Facultas Verlags ;
-- 2003.
300 ## -
-- 175 f. :
-- 28 cm.
500 ## -
-- Vorbemerkung : f. 5
505 ## -
-- Literatur : f. 173-175
650 ## -
-- Sociologjia
-- Manual
700 1# -
-- Schülein, Johann August
700 1# -
-- Mikl-Horke, Gertraude
700 1# -
-- Simsa, Ruth
942 ## - ADDED ENTRY ELEMENTS (KOHA)
Source of classification or shelving scheme
Item type Books
Holdings
Withdrawn status Lost status Source of classification or shelving scheme Damaged status Not for loan Collection code Permanent location Current location Shelving location Date acquired Total Checkouts Full call number Barcode Date last seen Koha item type
          Koleksioni i përgjithshem UBT - Prishtine UBT - Prishtine Koleksioni i përgjithshem 10/30/2013   316.334.2 (035) SCHU 001-000241 10/30/2013 Books
          Koleksioni i përgjithshem UBT - Prishtine UBT - Prishtine Koleksioni i përgjithshem 10/30/2013   316.334.2 (035) SCHU 001-000242 10/30/2013 Books
          Koleksioni i përgjithshem UBT - Prishtine UBT - Prishtine Koleksioni i përgjithshem 10/30/2013   316.334.2 (035) SCHU 001-000244 10/30/2013 Books
          Koleksioni i përgjithshem UBT - Prishtine UBT - Prishtine Koleksioni i përgjithshem 10/30/2013   316.334.2 (035) SCHU 001-000243 10/30/2013 Books
          Koleksioni i përgjithshem UBT - Prishtine UBT - Prishtine Koleksioni i përgjithshem 10/30/2013   316.334.2 (035) SCHU 001-000245 10/30/2013 Books
UBT Library © 2015-2024. All rights reserved University Education for Business and Technology